Теоретическая механика: учебник

Bibliographische Detailangaben
Weitere Verfasser: Болотин С. В. Сергей Владимирович, Карапетян А. В. Александр Владиленович, Кугушев Е. И. Евгений Иванович, Трещев Д. В. Дмитрий Валерьевич
Zusammenfassung:В учебнике наряду с традиционным материалом (кинематика и динамика точки и системы материальных тел; лагранжев и гамильтонов формализм; вариационные принципы; устойчивость положений равновесия и теория малых колебаний) представлены разделы, отражающие достижения науки второй половины XX в. (теория устойчивости стационарных и периодических движений, элементы КАМ-теории и т.д.).
Sprache:Russisch
Veröffentlicht: Москва, Академия, 2010
Schriftenreihe:Высшее профессиональное образование. Естественные науки
Schlagworte:
Format: MixedMaterials Buch
KOHA link:https://koha.lib.tpu.ru/cgi-bin/koha/opac-detail.pl?biblionumber=185238

MARC

LEADER 00000nam0a2200000 4500
001 185238
005 20231101223914.0
010 |a 9785769559464 
035 |a (RuTPU)RU\TPU\book\200917 
090 |a 185238 
100 |a 20101005d2010 m y0rusy50 ca 
101 0 |a rus 
102 |a RU 
105 |a a j 001zy 
200 1 |a Теоретическая механика   |e учебник  |f С. В. Болотин [и др.] 
210 |a Москва  |c Академия  |d 2010 
215 |a 430 с.  |c ил. 
225 1 |a Высшее профессиональное образование. Естественные науки 
320 |a Библиогр.: с. 400-401. 
320 |a Предметный указатель: с. 416-421. 
330 |a В учебнике наряду с традиционным материалом (кинематика и динамика точки и системы материальных тел; лагранжев и гамильтонов формализм; вариационные принципы; устойчивость положений равновесия и теория малых колебаний) представлены разделы, отражающие достижения науки второй половины XX в. (теория устойчивости стационарных и периодических движений, элементы КАМ-теории и т.д.). 
606 1 |a Механика теоретическая  |2 stltpush  |3 (RuTPU)RU\TPU\subj\59441  |9 76991 
610 1 |a кинематика 
610 1 |a материальная точка 
610 1 |a динамика 
610 1 |a системы материальных точек 
610 1 |a твердые тела 
610 1 |a твердые тела с неподвижной точкой 
610 1 |a лагранжева механика 
610 1 |a вариационные принципы 
610 1 |a симметрии 
610 1 |a устойчивость 
610 1 |a механические системы 
610 1 |a инвариантная мера 
610 1 |a гмильтонова механика 
610 1 |a гамильтонова динамика 
610 1 |a учебники 
675 |a 531(075.8)  |v 3 
701 1 |a Болотин  |b С. В.  |g Сергей Владимирович 
701 1 |a Карапетян  |b А. В.  |g Александр Владиленович 
701 1 |a Кугушев  |b Е. И.  |g Евгений Иванович 
701 1 |a Трещев  |b Д. В.  |g Дмитрий Валерьевич 
801 1 |a RU  |b 63413507  |c 20101005 
801 2 |a RU  |b 63413507  |c 20150513  |g RCR 
900 |a Теоретическая механика 
942 |c BK 
951 |b 010101  |b 010901 
959 |a 68/20101005  |d 5  |e 576,40  |f АНЛ:1  |f ЧЗТЛ:1  |f УФ:3